Ecology of marine protozoa

Uloženo v:
Podrobná bibliografie
Médium: Kniha
Jazyk:Undetermined
Vydáno: New York Oxford Univ. Press 1990
Témata:
Tagy: Přidat tag
Žádné tagy, Buďte první, kdo otaguje tento záznam!
Thư viện lưu trữ: Trung tâm Học liệu Trường Đại học Cần Thơ
LEADER 00502nam a2200181Ia 4500
001 CTU_68340
008 210402s9999 xx 000 0 und d
082 |a 593.10452636 
082 |b E17 
245 0 |a Ecology of marine protozoa 
245 0 |c Edited by Gerard M. Capripulo 
260 |a New York 
260 |b Oxford Univ. Press 
260 |c 1990 
650 |a Protozoa,Marine invertebrates 
650 |x Ecology,Ecology 
904 |i Minh 
980 |a Trung tâm Học liệu Trường Đại học Cần Thơ